Mistrzowie Bundesligi - Statystyki

Ogólne statystyki
  • Ten quiz został rozwiązany 113 razy
  • Średni wynik to 5 z 12
Statystyki odpowiedzi
Ilość wygranych Klub % Poprawnych
32 Bayern Monachium
99%
5 Borussia Dortmund
94%
3 Hamburger SV
51%
4 Werder Brema
50%
1 VfL Wolfsburg
49%
3 VfB Stuttgart
47%
2 FC Köln
32%
5 Borussia Mönchengladbach
30%
2 FC Kaiserslautern
16%
1 FC Nürnberg
10%
1 TSV 1860 Monachium
7%
1 Eintracht Brunszwik
3%
Nie znaleziono quizów pasujących do podanych kryteriów
Rozkład punktacji
Procent ludzi z każdym wynikiem
Percentyl według liczby udzielonych odpowiedzi
Twoja historia wyników
Nie rozwiązałeś tego quizu